000 00878 a2200205 4500
999 _c2527
_d2527
020 _a0855983078 (v. 1)
050 _aHV589 EAD 1995
100 _aEade, Deborah
_eauthor
245 _aThe Oxfam handbook of development and relief /
_cDeborah Eade and Suzanne Williams
264 _aOxford, UK :
_bOxfam,
_cc1995
300 _axviii, 473p. :
500 _av. 1. Approaches, focusing on people, capacity building -- v. 2. Production, health and development, emergencies and development -- v. 3. Resources Includes bibliographical references and indexes
650 _aOxfam
_xHandbooks, manuals, etc
650 _a International relief
_xHandbooks, manuals, etc
650 _aDisaster relief
_xHandbooks, manuals, etc
650 _aRural development
_xHandbooks, manuals, etc
700 _aWilliams, Suzanne
_eauthor
710 _aOxfam
942 _2lcc
_cBK
_h589
_iEAD
_kHV